Quick Pick: 'E' Athletes Quiz Stats

Quiz Updated Mar 22, 2017

Challenge
Share
Tweet
Embed
Score 0/10 Timer 01:00
2 Plays Today
% Correct
John Elway
85.9%
Patrick Ewing
84.5%
Julius Erving
82%
Edwin Encarnacion
69.1%
Alex English
65.7%
Jim Everett
64.2%
Dennis Eckersley
64%
Patrik Elias
55.3%
Phil Esposito
53.1%
Tony Esposito
47.9%

Today's Daily Dose

You're not logged in!

Compare scores with friends on all Sporcle quizzes.
Sign Up with Email
OR
Log In

You Might Also Like...

Show Comments

Extras

Top Quizzes Today


Score Distribution

Your Account Isn't Verified!

In order to create a playlist on Sporcle, you need to verify the email address you used during registration. Go to your Sporcle Settings to finish the process.